|
|
|
|
| LEADER |
00000cam a2200000 7i4500 |
| 001 |
0000004137 |
| 005 |
20180404.0 |
| 020 |
0 |
0 |
|a 9780071762991
|
| 090 |
0 |
0 |
|a 338.7629
|b TOY 2011
|
| 245 |
1 |
0 |
|a Toyoto under fire :
|b Lessons for turning crisis into opportunity
|c Jeffrey K. Liker
|
| 260 |
0 |
0 |
|a New York
|a McGraw Hill ,
|c 2011.
|
| 300 |
|
|
|a xxx, 241 p. ;
|c 22 cm.
|
| 650 |
0 |
0 |
|a Automobile industry and trade
|
| 650 |
0 |
0 |
|a Corporate culture.
|
| 650 |
0 |
0 |
|a Organizational effectivebess
|
| 700 |
0 |
1 |
|a Ogden, Timothy N
|
| 998 |
|
|
|a JPSM
|
| 999 |
|
|
|a 008003
|b Monograph
|c Open Shelf
|e Default branch
|